| 000 | 00328nam a22001217a 4500 | ||
|---|---|---|---|
| 020 | _a0-471-81854-2 | ||
| 082 | _a621.4025 SOU'P | ||
| 100 |
_aSOUMERAI, HENRI _967299 |
||
| 245 | _aPRACTICAL THEROMDYNAMICS TOOLS FOR HEAT EXCHAGES DESIGN ENGINEERS | ||
| 260 |
_aNEWYORK _bJOHN WILEY _c1987 |
||
| 300 | _aXXXVI, 487P | ||
| 942 | _cBK | ||
| 999 |
_c575112 _d575112 |
||